[Event "Osijek op"]
[Site "Osijek"]
[Date "2009.02.01"]
[Round "3"]
[White "Nestorovic, Vladimir"]
[Black "Oreskovic, Pero"]
[Result "1/2-1/2"]
[WhiteElo "2256"]
[BlackElo "2119"]
[PlyCount "111"]
[EventDate "2009.01.31"]
[EventType "swiss"]
[EventRounds "9"]
[EventCountry "CRO"]
[SourceTitle "EXT 2010"]
[Source "ChessBase"]
[SourceDate "2010.11.25"]
[SourceVersion "1"]
[SourceVersionDate "2010.11.25"]
[SourceQuality "1"]

1. Nf3 Nf6 2. d4 d6 3. c4 g6 4. Nc3 Bg7 5. e4 0-0 6. h3 c5 7. d5 e6 8. Be2 exd5 9. exd5 Re8 10. 0-0 Ne4 11. Nxe4 Rxe4 12. Bd3 Re8 13. Rb1 Nd7 14. Bf4 Ne5 15. Nxe5 Bxe5 16. Qd2 Qf6 17. Bg5 Qg7 18. a3 Bd7 19. b4 cxb4 20. axb4 b6 21. Kh1 Bc3 22. Qf4 Be5 23. Qh4 Qf8 24. f4 Bg7 25. f5 Bxf5 26. Bxf5 gxf5 27. Rxf5 Re5 28. Rxe5 Bxe5 29. Bh6 Bg7 30. Qg3 Rd8 31. Rf1 Kh8 32. Bf4 Qe7 33. Bg5 f6 34. Bf4 Qe2 35. Rc1 Rg8 36. Qe1 Qb2 37. Rb1 Qc2 38. Qc1 Qe4 39. Qf1 Bf8 40. Re1 Qf5 41. Qf3 Rg7 42. Re6 Re7 43. Rxe7 Bxe7 44. Qe3 Qd7 45. b5 Kg7 46. Qg3+ Kf7 47. Qh4 Qf5 48. Qg3 Qe4 49. Qg4 Ke8 50. Qc8+ Kf7 51. Bg3 f5 52. Qc7 f4 53. Bh4 f3 54. Bxe7 Qe1+ 55. Kh2 Qe5+ 56. Kh1 1/2-1/2